| 000 | 00637cam a22002293a 4500 | ||
|---|---|---|---|
| 001 | 16212 | ||
| 003 | PGUSA | ||
| 005 | 20140828083339.0 | ||
| 008 | 050705s2005||||xxu|||||s|||||000 | eng d | ||
| 040 |
_aPGUSA _beng |
||
| 042 | _adc | ||
| 050 | 4 | _aPT | |
| 100 | 1 |
_aBang, Herman, _d1857-1912 |
|
| 245 | 1 | 0 |
_aVäkevin : _bKummallinen kertomus _h[electronic resource] / _cHerman Bang |
| 260 |
_bProject Gutenberg, _c2005 |
||
| 506 | _aPublic domain in the USA. | ||
| 516 | _aElectronic text | ||
| 700 | 1 |
_aAhava, Juho, _d1875-1919 |
|
| 830 | 0 |
_aProject Gutenberg _v16212 |
|
| 856 | 4 | 0 | _uhttp://www.gutenberg.org/ebooks/16212 |
| 942 | _cEB | ||
| 999 |
_c245467 _d245467 |
||